Illustrated dictionary of real estate and appraisal

Bibliographic Details
Main Authors: Harrison, Henry S. (Author), Harrison, Julies (Author)
Format: Book
Language:English
Published: Virginia : Reston Publishing Company 1983
Subjects:

MARC

LEADER 00000cam a2200000 7i4500
001 0000001671
005 20240912.0
008 240513 vaua eng
020 |a 0835930378 (hardback) 
040 |a INS   |b eng   |e rda 
090 0 0 |a RHD1365   |b .H37 1983 
100 1 |a Harrison, Henry S. ,   |e author 
245 1 0 |a Illustrated dictionary of real estate and appraisal   |c Henry S. Harrison and Julie S. Harrison 
264 1 |a Virginia :   |b Reston Publishing Company   |c 1983 
264 4 |c ©1983 
300 |a v, 330 pages :   |b illustrations ;   |c 25 cm. 
336 |a text  |2 rdacontent 
337 |a unmediated  |2 rdamedia 
338 |a volume  |2 rdacarrier 
504 |a Includes bibliographical references 
650 0 |a Real estate business   |x Dictionaries 
650 0 |a Real property   |x Dictionaries 
700 1 |a Harrison, Julies ,   |e author 
999 |a 0000000174   |b BOOK   |c Red Spot   |e Default branch 
999 |a 0000000900   |b BOOK   |c Reference   |e Default branch